00340nam a2200133 a 45000010010000000030011000100080041000210350026000620820017000881000018001052450021001232600051001446500011001950000-9144ELIB.Books110520 1962  a(ELIB.Books)0000-9296 a301.42 bFie aFields, W. J. aUnity in marrage bSaint Louis: Concordia Publishing House c1962 aSocial